000 00366 a2200121 4500
001 ART_13863
005 20260410161911.0
008 260409a
245 1 0 _aRepressed inflation in the Soviet Union
100 1 _aGardner, Roy
700 1 _astrauss, Jonathan
773 0 _tEuropean economic review
_g- Vol. 16, NÂș 2/3 (jun./jul. 1981)
_wREV13346
999 _c26848
_d26848